LIBRARY & INFORMATION CENTRE, KCAET, TAVANUR

ONLINE PUBLIC ACCESS CATALOGUE (OPAC)

Irrigation systems : (Record no. 13725)

MARC details
000 -LEADER
fixed length control field 00461cam a2200169 a 4500
020 ## - INTERNATIONAL STANDARD BOOK NUMBER
ISBN 9781845938741 (pbk.)
020 ## - INTERNATIONAL STANDARD BOOK NUMBER
ISBN 9781845932633 (hb.)
082 ## - DEWEY DECIMAL CLASSIFICATION NUMBER
Classification number 631.587
Item number LAY/IR
100 1# - MAIN ENTRY--AUTHOR NAME
Personal name Laycock, Adrian.
245 10 - TITLE STATEMENT
Title Irrigation systems :
250 ## - EDITION STATEMENT
Edition statement 1st pbk. ed.
260 ## - PUBLICATION, DISTRIBUTION, ETC. (IMPRINT)
Place of publication Wallingford, Oxfordshire, OX ;
-- Cambridge, MA :
Name of publisher CABI,
Year of publication 2011.
300 ## - PHYSICAL DESCRIPTION
Number of Pages 285 p. :
Other physical details ill. ;
650 #0 - SUBJECT ADDED ENTRY--TOPICAL TERM
Topical Term Irrigation projects
650 #0 - SUBJECT ADDED ENTRY--TOPICAL TERM
Topical Term Irrigation projects
942 ## - ADDED ENTRY ELEMENTS (KOHA)
Koha item type Books
Holdings
Withdrawn status Lost status Damaged status Collection code Home library Current library Shelving location Date acquired Source of acquisition Cost, normal purchase price Full call number Accession Number Koha item type
      Reference KAUAET KAUAET General Stacks 31/03/2012 Penta Book Distributors, Calicut 3279.90 631.587 LAY/IR 22831 Books
free website counter